000 00540nam a2200193Ia 4500
001 57672
008 140602n ii |||gr||||Z||||||465
020 _a978-93-82624-41-7
082 _a79
245 0 _aVinna Bhashar Biswasrestha Chalachhitra
_cBinoy Mohan Saikia
_hTextual Documents
250 _aIst ed.
260 _aG:
_bBhabani Books.,
_c2013.
300 _a165pg:
_c23cm.
653 _aRecreational & performing arts
653 _aG- Movie
653 _aWorld Movie
700 _aSaikia, Binoy Mohan ,
_eAuthor.
942 _2ddc
_cBK
999 _c57577
_d57577